Foreign ministries and the information revolution going virtual?
Gespeichert in:
| 1. Verfasser: | |
|---|---|
| Format: | Buch |
| Sprache: | Englisch |
| Veröffentlicht: |
Leiden
Martinus Nijhoff Publishers
2008
|
| Schriftenreihe: | Diplomatic studies
|
| Schlagworte: | |
| Tags: |
Keine Tags, Fügen Sie das erste Tag hinzu!
|
MARC
| LEADER | 00000nam$a2200000$$$4500 | ||
|---|---|---|---|
| 001 | 0081811 | ||
| 005 | 20240314085732.5 | ||
| 020 | |a 978-90-04-16900-5 | ||
| 022 | |a 1872-8863 | ||
| 041 | 0 | |a eng | |
| 044 | |a NE | ||
| 245 | 1 | 0 | |a Foreign ministries and the information revolution |b going virtual? |c by Jozef Bátora |
| 264 | 1 | |a Leiden |b Martinus Nijhoff Publishers |c 2008 | |
| 300 | |a 250 s. | ||
| 490 | 1 | |a Diplomatic studies | |
| 830 | 0 | |a Diplomatic studies | |
| 610 | 2 | 0 | |a ministerstvá |
| 610 | 2 | 0 | |a politika zahraničná |
| 610 | 2 | 0 | |a technológie informačné |
| 610 | 2 | 0 | |a diplomacia |
| 610 | 2 | 0 | |a administratíva |
| 610 | 2 | 0 | |a internet |
| 610 | 2 | 0 | |a inštitúcie verejnoprávne |
| 610 | 2 | 0 | |a štruktúra organizačná |
| 610 | 2 | 0 | |a kultúra podniková |
| 610 | 2 | 0 | |a komunikácia sociálna |
| 610 | 2 | 0 | |a štruktúra sociálna |
| 610 | 2 | 0 | |a Slovensko |
| 100 | 1 | |a Bátora, Jozef | |